000
00320nam a2200133Ia 4500
005
20251222141904.0
008
251222s9999||||xx |||||||||||||| ||spa||
020
_a
84-85402-57-X
082
_a
370.152/C17
100
_a
Calomarde, Joaquin
245
0
_a
Cómo seguir Pensando
264
_b
Federico Domenech
942
_c
LIB
999
_c
8174
_d
8174